1105 1056 1144 1256 1157 1491 1024 1649 1216 1235 1630 1123 1301 1656 1162 1473 1236 1801 1273 1013 1336 1305 1090 1831 1129 1540 1020 1289 1210 1021 1562 1640 1024 1177 1496 1729 1697 1193 1989 1093 1089 1877 1297 1433 1111 1880 1950 1471 1959 1271 1840 1287 1035 1324 1505 1141 1051 1706 1184 1856 1593 1968 1254 1516 1087 1668 1788 1464 1436 1847 1205 1536 1006 1605 1380 1485 1194 1515 1892 1662 1819 1907 1284 1429 1158 1662 1264 1621 1439 1460 1685 1793 1399 1328 1339 1269 1319 1764 1546 BCNSPRNW ULIB Ver.6.0+V

เปลี่ยนเป็นภาษาไทย

Change to English
 แสดงรายละเอียดบรรณานุกรม
  กลับหน้าหลัก

Brief Record : Get Marc (ISO 2709) : E-mail record : QR code < ปิดหน้าต่าง
LEADER : 00000nam 2200000uu 4500
001    13399111509
003     ULIB
008    110629s2551||||th 000 0 tha d
020    9747698013(ล.1)
060 04 QV4^bภ781 ล.1 2551
245 00 เภสัชวิทยา^nเล่ม 1 /^cบรรณาธิการ, จุฑามณี สุทธิสีสังข์,รัชนี เมฆมณี
250    พิมพ์ครั้งที่ 5
260    กรุงเทพฯ :^bภาควิชาเภสัชวิทยา คณะเภสัชศาสตร์มหาวิทยาลัยมหิดล,^c2551
300    577 หน้า :^bภาพประกอบ ;^c27 ซม.
650  7 เภสัชวิทยา
700 0  จุฑามณี สุทธิสีสังข์,^eบรรณาธิการ
700 0  รัชนี เมฆมณี,^eบรรณาธิการ
710 2  มหาวิทยาลัยมหิดล. ^bคณะเภสัชศาสตร์. ^bภาควิชาเภสัชวิทยา
945    ^p400^l0^i14151
945    ^p400^l0^i15762
995    กัณชพร
999    ^aใช้งานได้ทุกระบบ
รายการนี้ยังไม่มีแท็ก
คุณยังไม่ได้ล็อกอิน คุณสามารถมีกิจกรรมร่วมกับเว็บไซต์ได้ แต่ต้องล็อกอินก่อน ::
  ล็อกอิน

รายการสื่อสารสนเทศ

ลำดับที่ ประเภท เลขเรียก/บาร์โค้ด สถานที่ สถานะ
1. วิทยาศาสตร์การแพทย์ และสุขภาพ
วิทยาศาสตร์การแพทย์ และสุขภาพ
QV4 ภ781 ล.1 2551  
  Barcode: 14151
ห้องสมุดวิทยาเขตสวรรค์ประชารักษ์
►ส่วนจัดเก็บหนังสือเก่า สปร
บนชั้น
  ขอยืม
2. วิทยาศาสตร์การแพทย์ และสุขภาพ
วิทยาศาสตร์การแพทย์ และสุขภาพ
QV4 ภ781 ล.1 2551 ฉ.2 
  Barcode: 15762
ห้องสมุดวิทยาเขตสวรรค์ประชารักษ์
►ส่วนจัดเก็บหนังสือเก่า สปร
บนชั้น
  ขอยืม

รายการใกล้เคียง
    หัวเรื่อง [เภสัชวิทยา]

BibComment


ยังไม่เคยถูกคอมเมนท์

คอมเมนท์ทรัพยากรรายการนี้
  คอมเมนท์: เภสัชวิทยา เล่ม 1..


 Copyright 2026. Bcnsprnw @Library